AH International Schools' Libraries

Encounter / (Record no. 49825)

MARC details
000 -LEADER
fixed length control field 02343nam a2200313 4500
020 ## - INTERNATIONAL STANDARD BOOK NUMBER
International Standard Book Number 9780316449182
Qualifying information (hardcover)
020 ## - INTERNATIONAL STANDARD BOOK NUMBER
Cancelled/invalid ISBN 9780316449144
Qualifying information (ebook)
020 ## - INTERNATIONAL STANDARD BOOK NUMBER
Cancelled/invalid ISBN 9780316449175
Qualifying information (library edition ebook)
035 ## - SYSTEM CONTROL NUMBER
System control number 20533096
042 ## - AUTHENTICATION CODE
Authentication code pcc
-- lcac
050 00 - LIBRARY OF CONGRESS CALL NUMBER
Classification number PZ7.1.L788
Item number Enc 2019
082 00 - DEWEY DECIMAL CLASSIFICATION NUMBER
Classification number [E]
Edition number 23
100 ## - MAIN ENTRY--PERSONAL NAME
Personal name Luby, Brittany,
Relator term author.
9 (RLIN) 86961
245 10 - TITLE STATEMENT
Title Encounter /
Statement of responsibility, etc written by Brittany Luby ; illustrated by Michaela Goade.
250 ## - EDITION STATEMENT
Edition statement First edition.
260 ## - PUBLICATION, DISTRIBUTION, ETC. (IMPRINT)
Name of publisher, distributor, etc Little, Brown Books for Young Readers:
300 ## - PHYSICAL DESCRIPTION
Extent 1 volume (unpaged) :
Other physical details color illustrations ;
Dimensions 8.6 x 0.5 x 10.55 inches.
500 ## - GENERAL NOTE
General note A powerful imagining by two Native creators of a first encounter between two very different people that celebrates our ability to acknowledge difference and find common ground--with art by New York Times bestselling illustrator and Caldecott Medalist Michaela Goade<br/><br/>Based on the real journal kept by French explorer Jacques Cartier in 1534, Encounter imagines a first meeting between a French sailor and a Stadaconan fisher. As they navigate their differences, the wise animals around them note their similarities, illuminating common ground.<br/><br/>This extraordinary imagining by Brittany Luby, Professor of Indigenous History, is paired with stunning art by Michaela Goade, winner of 2018 American Indian Youth Literature Best Picture Book Award. Encounter is a luminous telling from two Indigenous creators that invites readers to reckon with the past, and to welcome, together, a future that is yet unchartered.
520 ## - SUMMARY, ETC.
Summary, etc Awakened gently by Sun, Sailor sets off to explore new lands where he meets Fisher, and although they speak and dress differently, they find they have much in common. Includes author's note about the first encounter between a European explorer and a Native North American.
650 ## - SUBJECT ADDED ENTRY--TOPICAL TERM
Topical term or geographic name as entry element Explorers
Form subdivision Fiction.
650 ## - SUBJECT ADDED ENTRY--TOPICAL TERM
Topical term or geographic name as entry element Indians of North America
Form subdivision Fiction.
650 #1 - SUBJECT ADDED ENTRY--TOPICAL TERM
Topical term or geographic name as entry element Nature
Form subdivision Fiction.
9 (RLIN) 17068
651 #1 - SUBJECT ADDED ENTRY--GEOGRAPHIC NAME
Geographic name North America
General subdivision Discovery and exploration
Form subdivision Fiction.
9 (RLIN) 86962
655 #7 - INDEX TERM--GENRE/FORM
Genre/form data or focus term Fiction.
Source of term lcgft
9 (RLIN) 52739
700 1# - ADDED ENTRY--PERSONAL NAME
Personal name Goade, Michaela,
Relator term illustrator.
9 (RLIN) 86963
942 ## - ADDED ENTRY ELEMENTS (KOHA)
Source of classification or shelving scheme
Koha item type Book
Holdings
Withdrawn status Lost status Source of classification or shelving scheme Damaged status Not for loan Home library Current library Date acquired Total Checkouts Full call number Barcode Date last seen Date checked out Price effective from Koha item type
          Logos International School Logos International School 12/03/2025 1 E LUB 040730 01/13/2026 12/18/2025 12/03/2025 Book

For any Logos Library related questions please contact Miss Art at swongnarasuk@asianhope.org.

For any Asian Hope Library related questions please contact Miss Raza at graza@asianhope.org.

Powered by Koha